1905. Т.3, вып.2: Вооруженное восстание | Декабрьское восстание (Запись № 13291685)

Подробности
000 -МАРКЕР
контрольное поле 01074nam2a22002531 4500
001 - ИДЕНТИФИКАТОР ЗАПИСИ
контрольное поле RU\NLR\A1SV\122463
005 - ИДЕНТИФИКАТОР ВЕРСИИ
контрольное поле 20260407070734.0
035 ## - ДРУГИЕ СИСТЕМНЫЕ НОМЕРА
Идентификатор записи (NLR Aleph) 010443132
100 ## - ДАННЫЕ ОБЩЕЙ ОБРАБОТКИ
Данные общей обработки 20131031d1925 u y0rusy50 ca
101 0# - ЯЗЫК РЕСУРСА
Язык текста, звукозаписи и т.д. русский
200 1# - ЗАГЛАВИЕ И СВЕДЕНИЯ ОБ ОТВЕТСТВЕННОСТИ
Основное заглавие Вооруженное восстание
-- Декабрьское восстание
Первые сведения об ответственности Ем.Ярославский
210 ## - ПУБЛИКАЦИЯ, РАСПРОСТРАНЕНИЕ И ДР.
Дата издания, распространения и т.д. 1925
215 ## - ФИЗИЧЕСКАЯ ХАРАКТЕРИСТИКА
Специфическое обозначение материала и объем [5], 248 с., 1 л. карт.
461 #1 - УРОВЕНЬ НАБОРА
Встроенное поле 001RU\NLR\A1SV\122459
-- 2000#$vТ.3, вып.2
Системный номер (АБИС) связанной записи 9898494
Место публикации М.
Дата публикации 1926
Первые сведения об ответственности Под ред. М.Н.Покровского
Имя издателя, распространителя и т.д. Гос. изд.
Сведения, относящиеся к заглавию История революц. движения в отд. очерках
Заглавие 1905
Номер тома Т.3, вып.2
702 #1 - ИМЯ ЛИЦА - ВТОРИЧНАЯ ОТВЕТСТВЕННОСТЬ
Код отношения Автор введения, предисловия, примечания и т.п.
Графика поля Кириллица
Материалы, к которым относится поле rus
Начальный элемент ввода Ярославский
Часть имени, кроме начального элемента ввода Е. М.
Дополнения к именам, кроме дат гос. и парт. деятель
Даты 1878-1943
Расширение инициалов личного имени Емельян Михайлович
Системный номер авторитетной/нормативной записи 172674
Идентификатор авторитетной/нормативной записи RU\NLR\AUTH\770172725
801 #0 - ИСТОЧНИК ЗАПИСИ
Страна Российская Федерация
Организация NLR
Дата составления 20131031
899 ## - ДАННЫЕ О МЕСТОНАХОЖДЕНИИ (устаревшее)
Местонахождение РНБ
Шифр хранения 90-7/373-3-2
899 ## - ДАННЫЕ О МЕСТОНАХОЖДЕНИИ (устаревшее)
Местонахождение РНБ
Шифр хранения Мф К-1/14558-3-2
942 ## - ДОПОЛНИТЕЛЬНЫЕ ЭЛЕМЕНТЫ ЗАПИСИ (АБИС)
Тип экземпляра АБИС Книга
980 ## - КОЛЛЕКЦИЯ
Название коллекции Международный сводный каталог русской книги (1918-1926)
980 ## - КОЛЛЕКЦИЯ
Название коллекции Международный сводный каталог русской книги (1918-1926)
980 ## - КОЛЛЕКЦИЯ
Название коллекции Национальная библиография
Экземпляры
Тип экземпляра Дата поступления Библиотека постоянного хранения Библиотека текущего хранения Место хранения Шифр хранения Штрих-код Статус экземпляра
Микрофильм 14.02.2025 РНБ (Московский) РНБ (Московский) Фонд микроформ Мф К-1/14558-3 10443132-30  
Книга 14.02.2025 РНБ (Садовая) РНБ (Садовая) Русский книжный фонд -Главное здание, Ленинский читальный зал 90-7/373-3-2 10443132-10  
Книга 14.02.2025 РНБ (Садовая) РНБ (Садовая) Русский книжный фонд -Главное здание, Ленинский читальный зал 90-7/373-3-2а 10443132-20